000 00500nam a2200181Ia 4500
008 090124s9999 xx 000 0 und d
082 _b38379
100 _aकांबळी दिवाकर
245 _a परळ 68
250 _a2
260 _bअमोद प्रकाशन
_c2002
300 _a150
600 _aकांबळी दिवाकर
630 _a परळ 68
700 _aकांबळी दिवाकर
730 _a परळ 68
942 _cBOOK
999 _c104398
_d104398